Phyllanthus species (Record no. 12116)
[ view plain ]
| 000 -LEADER | |
|---|---|
| fixed length control field | 03783nam a2200349Ia 4500 |
| 001 - CONTROL NUMBER | |
| control field | CRC0KE11009PDF |
| 003 - CONTROL NUMBER IDENTIFIER | |
| control field | BD-DhSAU |
| 005 - DATE AND TIME OF LATEST TRANSACTION | |
| control field | 20151012144309.0 |
| 006 - FIXED-LENGTH DATA ELEMENTS--ADDITIONAL MATERIAL CHARACTERISTICS | |
| fixed length control field | m|||||o||d|||||||| |
| 007 - PHYSICAL DESCRIPTION FIXED FIELD--GENERAL INFORMATION | |
| fixed length control field | cr|||| |
| 008 - FIXED-LENGTH DATA ELEMENTS--GENERAL INFORMATION | |
| fixed length control field | 110829s2012 fluabcd sb 001 0 eng d |
| 020 ## - INTERNATIONAL STANDARD BOOK NUMBER | |
| International Standard Book Number | 9781439821466 (ebook : PDF) |
| 040 ## - CATALOGING SOURCE | |
| Original cataloging agency | BD-DhSAU |
| Transcribing agency | BD-DhSAU |
| 090 ## - LOCALLY ASSIGNED LC-TYPE CALL NUMBER (OCLC); LOCAL CALL NUMBER (OCLC) | |
| Classification number (OCLC) (R) ; Classification number, CALL (RLIN) (NR) | QK495.E9 |
| Local cutter number (OCLC) ; Book number/undivided call number, CALL (RLIN) | P49 2012 |
| 092 ## - LOCALLY ASSIGNED DEWEY CALL NUMBER (OCLC) | |
| Classification number | 583.79 |
| Item number | P578 |
| 245 00 - TITLE STATEMENT | |
| Title | Phyllanthus species |
| Medium | [electronic resource] : |
| Remainder of title | scientific evaluation and medicinal applications / |
| Statement of responsibility, etc. | edited by Ramadasan Kuttan, K.B. Harikumar. |
| 260 ## - PUBLICATION, DISTRIBUTION, ETC. (IMPRINT) | |
| Place of publication, distribution, etc. | Boca Raton, Fla. : |
| Name of publisher, distributor, etc. | CRC Press, |
| Date of publication, distribution, etc. | 2012. |
| 300 ## - PHYSICAL DESCRIPTION | |
| Extent | xix, 368, [4] p. of plates : |
| Other physical details | ill. (some col.), maps (some col.), ports. |
| 490 1# - SERIES STATEMENT | |
| Series statement | Traditional herbal medicines for modern times ; |
| Volume/sequential designation | v. 10 |
| 504 ## - BIBLIOGRAPHY, ETC. NOTE | |
| Bibliography, etc | Includes bibliographical references and index. |
| 505 0# - FORMATTED CONTENTS NOTE | |
| Formatted contents note | ch. 1. Taxonomy of the genus Phyllanthus / Sheeja T. Tharakan -- ch. 2. Current pharmacopoeial status of Phyllanthus species : P. emblica, P. amarus, and P. fraternus / Raman Mohan Singh and Vivekanandan Kalaiselvan -- ch. 3. Cultivation, economics, and marketing of Phyllanthus species / B.R. Rajeswara Rao -- ch. 4. Phylogenetic analysis of Phyllanthus species / Srinivasu Tadikamalla -- ch. 5. Genetic resources of Phyllanthus in southern India : identification of geographic and genetic hot spots and its implication for conservation / G. Ravikanth ... [et al.] -- ch. 6. Phytochemistry of the genus Phyllanthus / Lutfun Nahar, Satyajit D. Sarker, and Abbas Delazar -- ch. 7. Hyphenated techniques in the study of the genus Phyllanthus / Satyajit D. Sarker, Lutfun Nahar, and Abbas Delazar -- ch. 8. Anti-inflammatory activity of various species of Phyllanthus / K.B. Harikumar and Ramadasan Kuttan -- ch. 9. Hepatoprotective effects of plants in the family Phyllanthaceae / V.V. Asha -- ch. 10. Anticancer studies of Phyllanthus amarus / K.B. Harikumar and Ramadasan Kuttan -- ch. 11. Anticancer activity of Phyllanthus emblica / Jeena Joseph and Ramadasan Kuttan -- ch. 12. The In Vivo and In Vitro proapoptotic and antiangiogenic effects of Phyllanthus urinaria / Jong-Hwei S. Pang ... [et al.] -- ch. 13. Phyllanthus and Hepatitis B, Hepatitis C, and HIV infections / S.P. Thyagarajan -- ch. 14. Antiviral activities of Phyllanthus orbicularis, an endemic Cuban species / Gloria del Barrio and Francisco Parra -- ch. 15. Diabetes and diabetic complications and Phyllanthus species / Geereddy Bhanuprakash Reddy and Palla Suryanarayana -- ch. 16. Chemoprotective, genotoxic, and antigenotoxic effects of Phyllanthus Sp / Rakesh K. Johri -- ch. 17. Antiaging effects of Phyllanthus species / Vasudevan Mani and Shanmugapriya Thulasimani -- ch. 18. Toxicity studies of Phyllanthus species / K.N.S. Sirajudeen -- ch. 19. Clinical trials involving Phyllanthus species / Mulyarjo Dirjomuljono and Raymond R. Tjandrawinata -- ch. 20. Immunomodulatory activity of Brahma Rasayana, an herbal preparation containing Phyllanthus emblica as the main ingredient / Praveen K. Vayalil, Ramadasan Kuttan, and Girija Kuttan -- ch. 21. Triphala : an Ayurvedic drug formulation / Sandhya T. Das and K.P. Mishra -- ch. 22. Kalpaamruthaa : a successful drug against various ailments / P. Sachdanandam and P. Shanthi. |
| 530 ## - ADDITIONAL PHYSICAL FORM AVAILABLE NOTE | |
| Additional physical form available note | Also available in print edition. |
| 538 ## - SYSTEM DETAILS NOTE | |
| System details note | Mode of access: World Wide Web. |
| 650 #0 - SUBJECT ADDED ENTRY--TOPICAL TERM | |
| Topical term or geographic name as entry element | Phyllanthus. |
| 650 #0 - SUBJECT ADDED ENTRY--TOPICAL TERM | |
| Topical term or geographic name as entry element | Phyllanthus |
| General subdivision | Therapeutic use. |
| 655 #7 - INDEX TERM--GENRE/FORM | |
| Genre/form data or focus term | Electronic books. |
| Source of term | lcsh |
| 700 1# - ADDED ENTRY--PERSONAL NAME | |
| Personal name | Kuttan, Ramadasan. |
| 700 1# - ADDED ENTRY--PERSONAL NAME | |
| Personal name | Harikumar, K. B. |
| 776 1# - ADDITIONAL PHYSICAL FORM ENTRY | |
| International Standard Book Number | 9781439821442 |
| 830 #0 - SERIES ADDED ENTRY--UNIFORM TITLE | |
| Uniform title | Traditional herbal medicines for modern times ; |
| Volume number/sequential designation | v. 10. |
| 856 40 - ELECTRONIC LOCATION AND ACCESS | |
| Uniform Resource Identifier | <a href="http://marc.crcnetbase.com/isbn/9781439821466">http://marc.crcnetbase.com/isbn/9781439821466</a> |
| Electronic format type | application/PDF |
No items available.
